| 000 | 00528nam a22001697a 4500 | ||
|---|---|---|---|
| 003 | OSt | ||
| 005 | 20140310182358.0 | ||
| 008 | 131001t xxu||||| |||| 00| 0 eng d | ||
| 020 | _a780873679046 | ||
| 050 |
_aLB 2353 _b.W177 2004 |
||
| 082 |
_aTR 370.19 _bW15 2004 |
||
| 245 |
_aFastback : _binternational education and the International Baccalaureate / _cGeorge Walker |
||
| 260 |
_aBloomington, Indiana : _bPhi Delta Kappa Education Foundation, |
||
| 300 |
_a34 p. ; _bill. ; _c17 cm. |
||
| 942 |
_2lcc _cBK-TR |
||
| 999 |
_c12529 _d12529 |
||